00753nam a22002177a 450000500170000001000150001702000260003203500140005803700090007208200110008110000240009224500640011625000060018026000310018627000570021730000260027470000390030094200250033999900190036495201520038320260116104620.0 aENG-147493 a9789364443180c890.00 aEN-131025 bDBAD 22a000 aSharma, Arun986474 aMAH-MBA/MMS-CET 2026/cArun Sharma [and] Meenakshi Upadhyay a2 aChennaibMcGraw Hillc2025 a5/90 A, Butt Road, St. Thomas MountbChennaie600016 avpp.c27cm(pb)bIndex aUpadhyay, MeenakshieAuthor986475 2ddccENh000mSHAe2 c214206d214206 001040708NFICaJPbJPd2026-01-16eDelivery of Books Act Divisiong890.00l0o000 SHApEN-131025r2026-01-16 00:00:00t1v890.00w2026-01-16yEN